[Event "SVK Extraliga 2017-18"]
[Site "Slovakia"]
[Date "2017.12.09"]
[Round "5"]
[White "Najgebauer, Szemjon"]
[Black "Hros, Roman"]
[Result "0-1"]
[WhiteElo "2180"]
[BlackElo "2194"]
[Annotator "NA"]
[PlyCount "60"]
[EventDate "2017.??.??"]
[EventType "team-tourn"]
[EventCountry "SVK"]
[SourceTitle "playchess.com"]
[Source "ChessBase"]
[SourceQuality "1"]
[TimeControl "40/5400+30:1800+30"]

{[%evp 11,42,37,34,42,58,46,57,58,61,66,71,62,68,47,49,58,85,69,94,66,87,71,72,88,85,98,90,63,66,0,0,-8,-25]} 1. d4 {[%emt 0:00:00]} Nf6 {[%emt 0:00:10]} 2. Nf3 {[%emt 0:00:35]} e6 {[%emt 0:00:27]} 3. c4 {[%emt 0:01:04]} c5 {[%emt 0:00:53]} 4. Nc3 {[%emt 0:02:02]} cxd4 {[%emt 0:00:37]} 5. Nxd4 {[%emt 0:00:26]} a6 {[%emt 0:01:06]} 6. e4 {[%emt 0:02:27]} Qc7 {[%emt 0:02:55]} 7. Be2 {[%emt 0:03:42]} b6 {[%emt 0:00:41]} 8. Be3 {[%emt 0:03:11]} Bb7 {[%emt 0:00:49]} 9. f3 {[%emt 0:00:39]} Be7 {[%emt 0:10:21]} 10. Qd2 {[%emt 0:02:58]} d6 {[%emt 0:01:11]} 11. O-O {[%emt 0:01:16]} O-O {[%emt 0:00:12]} 12. Rfc1 {[%emt 0:02:15]} Nbd7 {[%emt 0:00:18]} 13. a4 {[%emt 0:02:02]} Rac8 {[%emt 0:06:38]} 14. a5 {[%emt 0:05:07]} Rfe8 {[%emt 0:06:03] LiveBook: 3 Games} 15. Bf1 {[%emt 0:14:03]} Bd8 {[%emt 0:03:50]} 16. b4 {[%emt 0:04:31]} bxa5 {[%emt 0:02:26]} 17. Rxa5 {[%emt 0:01:51]} Qb8 {[%emt 0:12:23]} 18. Raa1 {[%emt 0:03:16]} Bc7 {[%emt 0:06:31]} 19. g3 {[%emt 0:07:45]} (19. b5 $16 a5 20. Nc6) 19... Ne5 {[%emt 0:06:34]} 20. Qf2 {[%emt 0:05:34]} (20. c5 $16) 20... d5 {[%emt 0:21:19]} 21. b5 {[%emt 0:16:09]} axb5 $11 {[%emt 0:04:40]} 22. Ndxb5 {[%emt 0:01:13]} dxe4 {[%emt 0:00:46]} 23. Ba7 {[%emt 0:11:41]} Nxf3+ {[%emt 0:00:05]} 24. Kh1 {[%emt 0:03:16]} e3 {[%emt 0:04:13]} 25. Qxe3 {[%emt 0:00:56]} Nxh2+ {[%emt 0:03:00]} 26. Kxh2 {[%emt 0:02:11]} Ng4+ {[%emt 0:00:25]} 27. Kh3 {[%emt 0:00:26]} Nxe3 {[%emt 0:00:05]} 28. Bxb8 {[%emt 0:00:14]} Bxb8 {[%emt 0:00:12]} 29. Na7 {[%emt 0:01:12]} Rc5 {[%emt 0:01:11]} 30. Rab1 {[%emt 0:01:07]} Rh5# {[%emt 0:00:08]} 0-1

[Event "SVK Extraliga 2017-18"]
[Site "Slovakia"]
[Date "2017.12.09"]
[Round "5"]
[White "Macko, Michal"]
[Black "Lembak, Jurij"]
[Result "1/2-1/2"]
[WhiteElo "2174"]
[BlackElo "2186"]
[Annotator "TA"]
[PlyCount "53"]
[EventDate "2017.??.??"]
[EventType "team-tourn"]
[EventCountry "SVK"]
[SourceTitle "playchess.com"]
[Source "ChessBase"]
[SourceQuality "1"]

{[%evp 19,53,39,36,-20,-17,-13,-18,-34,-16,-15,-6,-29,27,33,42,45,15,-9,-16,-27,-10,-18,-17,-13,-8,-6,0,0,46,0,0,0,0,0,0,0]} 1. e4 e6 2. d4 d5 3. Nc3 Nf6 4. e5 Nfd7 5. f4 c5 6. Nf3 Nc6 7. Be3 Qb6 8. Na4 Qa5+ 9. c3 c4 10. b4 Qc7 11. Nb2 {C11: French: Classical System: 4 e5 and 4 Bg5 dxe4} (11. g3 $14) (11. g3 Be7 12. Bh3 Nf8 13. O-O Bd8 14. Qc2 b6 15. Bf2 Ne7 16. Nb2 Nfg6 17. Nd1 Nf5 18. Ne3 Nxe3 19. Bxe3 {½-½ (57) Wei,Y (2734)-Vovk,Y (2617) Baku 2015}) 11... b5 $11 12. a4 bxa4 13. Rxa4 Be7 14. Be2 O-O 15. O-O Rb8 $146 (15... a5 $142) ({Predecessor:} 15... a5 16. bxa5 Rxa5 17. Qc2 Rxa4 18. Nxa4 Nb6 19. Nxb6 Qxb6 {½-½ (19) Varga,Z (2452)-Horvath,D (2383) Budapest 2012}) 16. Qc2 a5 17. bxa5 Nxa5 18. Rfa1 Nb3 {[#] Threatens to win with ...Nb6.} 19. R1a2 Nb6 20. Ra7 Bb7 21. f5 exf5 22. Qxf5 Qc8 23. Qh5 Qe6 24. Nd1 (24. Ng5 $5 {[%cal Rh5h7]} Qh6 25. Qxh6 gxh6 26. Nh3 $14) 24... Nc8 {The position is equal.} 25. R7a4 Nb6 26. Ra7 Nc8 27. R7a4 {Precision: White = 44%, Black = 64%.} 1/2-1/2

[Event "SVK Extraliga 2017-18"]
[Site "Slovakia"]
[Date "2017.12.09"]
[Round "5"]
[White "Sorkovsky, Miroslav"]
[Black "Petran, Peter"]
[Result "0-1"]
[WhiteElo "2153"]
[BlackElo "2307"]
[Annotator "NA"]
[PlyCount "60"]
[EventDate "2017.??.??"]
[EventType "team-tourn"]
[EventCountry "SVK"]
[SourceTitle "playchess.com"]
[Source "ChessBase"]
[SourceQuality "1"]
[TimeControl "40/5400+30:1800+30"]

1. e4 {[%emt 0:00:00]} g6 {[%emt 0:00:05]} 2. Nc3 {[%emt 0:00:51]} Bg7 {[%emt 0:00:05]} 3. f4 {[%emt 0:00:09]} c6 {[%emt 0:00:34]} 4. d4 {[%emt 0:00:10]} d5 {[%emt 0:00:07]} 5. e5 {[%emt 0:00:08]} Nh6 {[%emt 0:00:04]} 6. Nf3 {[%emt 0:00:29]} O-O {[%emt 0:00:25]} 7. Be2 {[%emt 0:06:02]} f6 {[%emt 0:00:24]} 8. O-O {[%emt 0:00:23]} Bg4 {[%emt 0:01:17]} 9. h3 {[%emt 0:08:10]} Bxf3 {[%emt 0:00:09]} 10. Bxf3 {[%emt 0:00:03]} e6 {[%emt 0:01:48] B15: Caro-Kann: 3 Nc3: 3...g6 and 3...dxe4 4 Nxe4 Nf6 5 Nxf6+ exf6} 11. g4 $146 {[%emt 0:03:39]} ({Predecessor:} 11. Ne2 c5 12. c4 Nc6 13. cxd5 exd5 14. dxc5 fxe5 15. Qxd5+ Kh8 16. fxe5 Nf5 17. Qxd8 Raxd8 18. Bf4 {1-0 (65) Saric,I (2660)-Anton Guijarro,D (2627) Almaty 2016}) 11... fxe5 {[%emt 0:00:25]} 12. fxe5 {[%emt 0:13:04]} c5 {[%emt 0:02:15]} 13. dxc5 {[%emt 0:01:26]} Nc6 {[%emt 0:04:23]} 14. Ne2 {[%emt 0:20:35]} Nf7 {[%emt 0:02:07]} 15. Bg2 {[%emt 0:06:15]} Qe7 {[%emt 0:02:53]} 16. Be3 {[%emt 0:09:31]} Nfxe5 {[%emt 0:02:06]} 17. Nd4 {[%emt 0:08:19]} Nc4 {[%emt 0:04:55]} 18. Nxc6 {[%emt 0:04:00]} bxc6 {[%emt 0:00:09]} 19. Bd4 {[%emt 0:00:41]} Nxb2 {[%emt 0:04:32]} 20. Qd2 {[%emt 0:02:55]} Nc4 {[%emt 0:00:38]} 21. Qd3 {[%emt 0:00:55]} Rxf1+ {[%emt 0:13:18]} 22. Rxf1 {[%emt 0:00:28]} Rf8 {[%emt 0:00:08]} 23. Bxg7 {[%emt 0:06:47]} Kxg7 {[%emt 0:02:30]} 24. Qc3+ {[%emt 0:01:26]} e5 {[%emt 0:01:18]} 25. Rxf8 {[%emt 0:01:21]} Qxf8 {[%emt 0:01:13]} 26. Qb4 {[%emt 0:00:14]} Qe7 $19 {[%emt 0:02:37]} 27. Bf1 {[%emt 0:02:08]} a5 {[%emt 0:01:32]} 28. Qb8 {[%emt 0:01:09]} Qxc5+ {[%emt 0:00:17]} 29. Kh1 {[%emt 0:00:20]} Nd6 {[%emt 0:01:23]} 30. Qc7+ {[%emt 0:00:34]} Nf7 {[%emt 0:00:14]} 0-1

[Event "SVK Extraliga 2017-18"]
[Site "Slovakia"]
[Date "2017.12.09"]
[Round "5"]
[White "Borik, Juraj"]
[Black "Gasa, Patrik"]
[Result "1-0"]
[WhiteElo "2145"]
[BlackElo "2116"]
[Annotator "NA"]
[PlyCount "129"]
[EventDate "2017.??.??"]
[EventType "team-tourn"]
[EventCountry "SVK"]
[SourceTitle "playchess.com"]
[Source "ChessBase"]
[SourceQuality "1"]
[TimeControl "40/5400+30:1800+30"]

1. c4 {[%emt 0:00:00]} e5 {[%emt 0:04:07]} 2. Nc3 {[%emt 0:00:36]} f5 {[%emt 0:00:06]} 3. g3 {[%emt 0:01:00]} Nf6 {[%emt 0:00:07]} 4. Bg2 {[%emt 0:00:25]} Nc6 {[%emt 0:00:27]} 5. d3 {[%emt 0:01:11]} a6 {[%emt 0:00:45]} 6. e3 {[%emt 0:00:57]} Bc5 {[%emt 0:00:41]} 7. Nge2 {[%emt 0:00:53]} d6 {[%emt 0:00:26]} 8. O-O {[%emt 0:01:07]} O-O {[%emt 0:00:06]} 9. a3 {[%emt 0:00:46] A25: Englische Eröffnung (Sizilianisch im Anzug)} (9. d4 Ba7 10. a3 Qe8 11. Nd5 Nxd5 12. cxd5 Nd8 13. Qc2 Bb6 14. Bd2 Qh5 15. Rae1 Nf7 16. dxe5 Nxe5 {1-0 (48) Gruskovnjak,T (2279)-Kosmac,B (2202) Slovenia 2017}) 9... Ne7 {[%emt 0:06:59]} 10. b4 {[%emt 0:09:50]} Ba7 {[%emt 0:02:57]} 11. Bb2 {[%emt 0:01:34]} c6 {[%emt 0:00:45]} 12. Rc1 $146 {[%emt 0:02:29]} ({Vorgänger:} 12. Qd2 Ng6 13. e4 Bb8 {0-1 (34) Baranowsky,P (1989)-Moeller,D (1683) Berlin 2011}) 12... Be6 {[%emt 0:00:30]} 13. Na4 {[%emt 0:02:11]} (13. Qc2 $11) 13... Ng6 {[%emt 0:08:43]} ({Black should play} 13... b5 $15 14. Nac3 bxc4) 14. c5 {[%emt 0:05:31]} d5 {[%emt 0:00:40]} 15. f4 {[%emt 0:03:25]} Qe7 {[%emt 0:20:42]} 16. Qd2 {[%emt 0:08:26]} e4 {[%emt 0:09:01]} 17. Nd4 {[%emt 0:17:00]} exd3 {[%emt 0:11:56]} 18. Qxd3 {[%emt 0:02:12]} Ne4 {[%emt 0:07:50]} 19. Nf3 {[%emt 0:04:32]} Rae8 {[%emt 0:02:42]} 20. Rfe1 {[%emt 0:06:10]} Bb8 {[%emt 0:00:49]} 21. Nd4 {[%emt 0:00:41]} Bc7 {[%emt 0:15:03]} 22. Bf3 {[%emt 0:01:32]} Qf7 {[%emt 0:02:58]} 23. Bh5 {[%emt 0:00:53]} Nf6 $14 {[%emt 0:02:07]} 24. Bd1 {[%emt 0:01:56]} Ne4 {[%emt 0:00:28]} 25. Nf3 {[%emt 0:01:42]} h5 {[%emt 0:01:25]} 26. Rc2 {[%emt 0:02:56]} Bd8 {[%emt 0:00:29]} 27. Nd4 {[%emt 0:02:07]} h4 {[%emt 0:00:31]} 28. Rg2 {[%emt 0:01:00]} h3 {[%emt 0:00:36]} 29. Rc2 {[%emt 0:00:09]} Nh8 {[%emt 0:00:26]} 30. Qf1 {[%emt 0:01:12]} Bf6 {[%emt 0:00:31]} 31. Qxh3 {[%emt 0:00:26]} g5 {[%emt 0:00:32]} 32. fxg5 {[%emt 0:03:38]} Nxg5 {[%emt 0:00:27]} 33. Qg2 {[%emt 0:00:07]} Ng6 {[%emt 0:00:28]} 34. Rf1 {[%emt 0:01:13]} f4 {[%emt 0:00:37]} 35. Nxe6 {[%emt 0:01:22]} Qxe6 {[%emt 0:00:31]} 36. exf4 {[%emt 0:01:23]} Qe3+ {[%emt 0:00:28]} 37. Kh1 {[%emt 0:00:10]} Bxb2 {[%emt 0:00:26]} 38. Rxb2 {[%emt 0:00:59]} Ne4 {[%emt 0:00:11]} 39. Bh5 {[%emt 0:02:15]} Kg7 {[%emt 0:00:34]} 40. Qf3 {[%emt 0:02:49]} Nf6 {[%emt 0:30:37]} 41. Bxg6 {[%emt 0:34:49]} Kxg6 {[%emt 0:00:00]} 42. Rb3 {[%emt 0:00:00]} Qxf3+ {[%emt 0:00:00]} 43. Rbxf3 {[%emt 0:00:00]} Rh8 {[%emt 0:00:00]} 44. f5+ {[%emt 0:00:00]} Kg5 {[%emt 0:00:00]} 45. Nc3 {[%emt 0:00:00]} Ng4 {[%emt 0:00:00]} 46. h4+ {[%emt 0:00:00]} Kf6 {[%emt 0:00:00]} 47. Nd1 {[%emt 0:00:00]} Re2 {[%emt 0:00:00]} 48. Nf2 {[%emt 0:00:00]} Ne5 {[%emt 0:00:00]} 49. Rf4 {[%emt 0:00:00]} Kf7 {[%emt 0:00:00]} 50. Ng4 {[%emt 0:00:00]} Nc4 {[%emt 0:00:00]} 51. a4 {[%emt 0:00:00]} Nd2 {[%emt 0:00:00]} 52. R1f2 {[%emt 0:06:07]} Ne4 {[%emt 0:00:00]} 53. Rg2 {[%emt 0:00:22]} Re1+ {[%emt 0:01:53]} 54. Kh2 {[%emt 0:00:06]} Rb1 {[%emt 0:00:06]} 55. Ne5+ {[%emt 0:01:04]} Kf6 {[%emt 0:00:21]} 56. Ng6 {[%emt 0:00:49]} Rh7 {[%emt 0:01:11]} 57. g4 {[%emt 0:00:15]} Kg7 {[%emt 0:03:54]} 58. g5 {[%emt 0:01:31]} Rh5 {[%emt 0:01:04]} 59. Ne5 {[%emt 0:00:49]} Re1 {[%emt 0:00:16]} 60. f6+ {[%emt 0:00:20]} Kf8 {[%emt 0:00:58]} 61. Nd7+ {[%emt 0:00:41]} Kf7 {[%emt 0:00:49]} 62. g6+ {[%emt 0:00:06]} Ke6 {[%emt 0:00:27]} 63. f7 {[%emt 0:00:22]} Rf1 {[%emt 0:00:44]} 64. Rxf1 {[%emt 0:00:32]} Rxh4+ {[%emt 0:00:02]} 65. Kg1 {[%emt 0:00:09]} 1-0

[Event "SVK Extraliga 2017-18"]
[Site "Slovakia"]
[Date "2017.12.09"]
[Round "5"]
[White "Brestak, Jan"]
[Black "Csonka, Attila Istvan"]
[Result "*"]
[WhiteElo "2135"]
[BlackElo "2365"]
[Annotator "NA"]
[PlyCount "33"]
[EventDate "2017.??.??"]
[EventType "team-tourn"]
[EventCountry "SVK"]
[SourceTitle "playchess.com"]
[Source "ChessBase"]
[SourceQuality "1"]
[TimeControl "40/5400+30:1800+30"]

{[%evp 8,30,14,4,23,23,22,27,26,24,49,33,58,14,20,0,32,24,32767,32767,32767,32767,32767,112,142]} 1. e4 {[%emt 0:00:00]} e6 {[%emt 0:00:05]} 2. d4 {[%emt 0:00:00]} d5 {[%emt 0:00:05]} 3. Nd2 {[%emt 0:00:00]} c5 {[%emt 0:00:27]} 4. exd5 {[%emt 0:00:26]} Qxd5 {[%emt 0:00:33]} 5. Ngf3 {[%emt 0:00:19]} Nf6 {[%emt 0:03:54]} 6. Bc4 {[%emt 0:01:20]} Qd6 {[%emt 0:01:44]} 7. dxc5 {[%emt 0:03:50]} Qxc5 {[%emt 0:02:10]} 8. Qe2 {[%emt 0:00:13] LiveBook: 6 Games} a6 {[%emt 0:05:45]} 9. O-O {[%emt 0:03:28]} Bd7 {[%emt 0:07:40]} 10. Nb3 {[%emt 0:03:16]} Qc7 {[%emt 0:00:24]} 11. Bg5 {[%emt 0:01:44]} Nc6 {[%emt 0:01:35]} (11... h6 $5 {[%cal Rh6g5]} 12. Bh4 (12. Bxf6 gxf6 13. Rad1 Bg7 $11) 12... Nc6 $14) 12. Bh4 {[%emt 0:10:03]} Bd6 {[%emt 0:03:05]} 13. Rad1 {[%emt 0:04:04]} O-O-O {[%emt 0:03:44]} 14. Bxa6 {[%emt 0:10:52]} e5 {[%emt 0:30:20]} 15. Bg3 {[%emt 0:25:52]} Rhe8 $16 {[%emt 0:01:56]} 16. Bb5 {[%emt 0:06:27]} Bg4 {[%emt 0:00:54]} 17. Qe3 {[%emt 0:01:30]} *

[Event "SVK Extraliga 2017-18"]
[Site "Slovakia"]
[Date "2017.12.09"]
[Round "5"]
[White "Brestak, Jan"]
[Black "Csonka, Attila"]
[Result "0-1"]
[WhiteElo "2135"]
[BlackElo "2365"]
[Annotator "NA"]
[PlyCount "110"]
[EventDate "2017.??.??"]
[EventType "team-tourn"]
[EventCountry "SVK"]
[TimeControl "40/5400+30:1800+30"]

1. e4 c5 2. Nf3 e6 3. b3 b6 4. Nc3 Bb7 5. Bb2 Nc6 6. Qe2 Nd4 7. Qd3 Nxf3+ 8. Qxf3 Ne7 9. Qg3 Nc6 10. Nb5 d6 11. a4 a6 12. Na3 Nd4 13. Bd3 h5 14. h4 e5 15. Nc4 Rh6 $16 16. Qg5 Qc7 17. Rh2 Ne6 18. Qe3 Be7 19. g3 b5 20. Na3 c4 21. Be2 Nd4 22. Bd1 Qc6 23. f3 d5 24. d3 c3 25. Bc1 O-O-O 26. Qf2 Bc5 27. Be3 Rf6 28. axb5 axb5 29. Qg2 Qa6 30. b4 Bxb4 31. Bxd4 exd4 32. e5 Rh6 33. f4 Bxa3 34. g4 b4 35. g5 Rhh8 36. f5 Qc6 37. Qg3 Rde8 38. Kf1 Qc7 39. Re2 f6 40. gxf6 gxf6 41. Qg6 fxe5 42. f6 Qh7 43. Qg3 Rhg8 44. Qf3 Qg6 45. Rf2 e4 46. Qh3+ Kd8 47. Qh2 Re6 48. f7 Rf8 49. Qb8+ Bc8 50. Qa7 Bd7 51. Qa5+ Ke7 52. Qc5+ Rd6 53. dxe4 Bh3+ 54. Ke1 Qg1+ 55. Ke2 Bg4+ 0-1

[Event "SVK Extraliga 2017-18"]
[Site "Slovakia"]
[Date "2017.12.09"]
[Round "5"]
[White "Gulbis, Adrian"]
[Black "Varga, Zoltan"]
[Result "0-1"]
[WhiteElo "2124"]
[BlackElo "2442"]
[Annotator "TA"]
[PlyCount "112"]
[EventDate "2017.??.??"]
[EventType "team-tourn"]
[EventCountry "SVK"]
[SourceTitle "playchess.com"]
[Source "ChessBase"]
[SourceQuality "1"]

{[%evp 20,112,-15,-36,-12,-12,-14,-15,0,0,0,0,0,0,0,-14,-15,-12,-2,-47,0,0,0,0,0,0,7,0,0,0,8,0,0,0,0,0,0,0,0,0,0,0,0,0,0,0,0,0,8,0,0,0,0,0,94,0,0,0,0,0,0,0,0,0,0,0,0,-8,0,0,0,0,0,-83,-72,-89,-86,-4910,-2060,-1818,-1605,-29970,-29969,-29972,-29969,-29971,-5106,-29981,-29982,-29983,-29984,-29986,-29978,-29985,-29986]} 1. d4 d5 {[%cal Bd7d5,Bd5c4][%mdl 32]} 2. c4 dxc4 3. Nf3 c6 4. a4 Nf6 5. Nc3 Bf5 6. Ne5 e6 7. Nxc4 c5 {D17: Slav Defence: 5 a4 Bf5: Lines with 6 Nh4 and 6 Ne5} 8. dxc5 Qxd1+ 9. Nxd1 Bxc5 10. f3 Nc6 11. e4 {LiveBook: 3 Games} Bg6 12. Be3 Nd7 13. Nc3 Nb4 $146 ({Predecessor:} 13... Ke7 14. O-O-O Bxe3+ 15. Nxe3 {½-½ (34) Nigalidze,G (2440)-Ter Sahakyan,S (2389) Yerevan 2007}) 14. O-O-O Bxe3+ 15. Nxe3 Nc5 16. Bc4 Ke7 17. Rd4 Nc6 18. Rd2 Rhc8 19. b3 Rd8 (19... Na5 {feels hotter.} 20. Kb2 a6 21. Rb1 f6 22. Rbd1 Be8) 20. Rhd1 Rxd2 21. Rxd2 f6 22. Kb2 Bf7 23. Nb5 g5 24. Kc3 a5 25. Nd6 Rd8 26. Nxf7 Rxd2 27. Kxd2 Kxf7 $11 {[%mdl 4096] Endgame KBN-KNN} 28. Kc3 Ke7 29. Bb5 {aiming for Bxc6.} Ne5 $1 30. Nc4 Nxc4 31. Kxc4 {KB-KN} Kd6 32. b4 axb4 33. Kxb4 h5 34. Ka5 Kc7 35. Kb4 b6 36. a5 h4 (36... Nb7 $11) 37. Kc4 (37. Bc4 $16) 37... Nb7 38. a6 Nd6+ 39. Kb4 Kb8 40. Bd3 Ka7 41. g3 e5 42. gxh4 gxh4 43. Bf1 Nf7 44. Kb5 Ng5 45. Be2 Ne6 {Strongly threatening ...Nd4+.} 46. Bf1 (46. Bd1 $1 $11) 46... Nd4+ $17 47. Kc4 Nxf3 {Threatens to win with ...Nd2+.} 48. Kd5 $2 {[%mdl 8192]} (48. Kb4 $17) 48... Nxh2 $19 49. Be2 h3 {[%cal Bh4h3,Bh3h2][%mdl 32]} 50. Ke6 {[#]} Ng4 $1 {[%mdl 512]} 51. Bxg4 {KB-KP} h2 52. Bf3 b5 {[%cal Bb6b5,Bb5b4][%mdl 32]} 53. Kd5 Kxa6 {Black mates.} 54. Kc5 {[#]} Ka5 $1 55. Be2 Ka4 56. Bf3 b4 {Precision: White = 29%, Black = 70%.} 0-1

[Event "SVK Extraliga 2017-18"]
[Site "Slovakia"]
[Date "2017.12.09"]
[Round "5"]
[White "Pcola, Jaroslav"]
[Black "Kusiak, Matej"]
[Result "0-1"]
[WhiteElo "2113"]
[BlackElo "2308"]
[Annotator "NA"]
[PlyCount "122"]
[EventDate "2017.??.??"]
[EventType "team-tourn"]
[EventCountry "SVK"]
[SourceTitle "playchess.com"]
[Source "ChessBase"]
[SourceQuality "1"]
[TimeControl "40/5400+30:1800+30"]

1. d4 {[%emt 0:00:00]} b6 {[%emt 0:00:10]} 2. e4 {[%emt 0:11:33]} Bb7 {[%emt 0:00:12]} 3. Bd3 {[%emt 0:01:13]} Nf6 {[%emt 0:00:51]} 4. Qe2 {[%emt 0:05:40]} e6 {[%emt 0:01:57]} 5. Nf3 {[%emt 0:00:45]} c5 {[%emt 0:03:53]} 6. c3 {[%emt 0:06:34]} Be7 {[%emt 0:03:39]} 7. O-O {[%emt 0:00:59]} Nc6 {[%emt 0:00:38]} 8. Bg5 {[%emt 0:02:33]} h6 {[%emt 0:05:36]} 9. Bh4 {[%emt 0:01:30]} cxd4 {[%emt 0:01:05]} 10. Nxd4 {[%emt 0:02:30]} d6 {[%emt 0:08:53]} 11. Nxc6 {[%emt 0:06:20]} Bxc6 {[%emt 0:00:06]} 12. Nd2 {[%emt 0:00:05]} O-O {[%emt 0:00:27]} 13. Nb3 {[%emt 0:02:28]} e5 {[%emt 0:01:25]} 14. Rad1 {[%emt 0:04:12]} Nd7 {[%emt 0:07:21]} 15. Bxe7 {[%emt 0:06:07]} Qxe7 {[%emt 0:00:05]} 16. Bb5 {[%emt 0:12:22]} Bxb5 {[%emt 0:11:39]} 17. Qxb5 {[%emt 0:00:10]} Nf6 {[%emt 0:00:09]} 18. Rfe1 {[%emt 0:03:16]} Qc7 {[%emt 0:01:42]} 19. Nd2 {[%emt 0:04:12]} Rfd8 {[%emt 0:02:30]} 20. Nf1 {[%emt 0:02:22]} a6 {[%emt 0:00:47]} 21. Qe2 {[%emt 0:01:29]} Qc5 {[%emt 0:05:55]} 22. Ng3 {[%emt 0:03:01]} g6 {[%emt 0:01:41]} 23. Qe3 {[%emt 0:04:49]} Rac8 {[%emt 0:04:43]} 24. Qxc5 {[%emt 0:02:41]} Rxc5 {[%emt 0:00:22]} 25. f3 {[%emt 0:02:16]} b5 {[%emt 0:04:28]} 26. Nf1 {[%emt 0:03:38]} Ne8 {[%emt 0:19:37]} 27. Ne3 {[%emt 0:00:37]} Nc7 {[%emt 0:00:08]} 28. Re2 {[%emt 0:01:36]} Kf8 {[%emt 0:00:06]} 29. Red2 {[%emt 0:00:22]} Ke7 {[%emt 0:00:04]} 30. Kf2 {[%emt 0:01:15]} Ke6 {[%emt 0:00:12]} 31. Nd5 {[%emt 0:01:45]} Nxd5 {[%emt 0:00:11]} 32. Rxd5 {[%emt 0:00:04]} Rxd5 {[%emt 0:00:27]} 33. Rxd5 {[%emt 0:01:47]} f5 {[%emt 0:00:13]} 34. g3 {[%emt 0:02:27]} Rc8 {[%emt 0:01:07]} 35. Ke3 {[%emt 0:01:11]} g5 {[%emt 0:06:51]} 36. Rd2 {[%emt 0:02:46]} fxe4 {[%emt 0:00:30]} 37. fxe4 {[%emt 0:00:08]} Rc5 {[%emt 0:02:49]} 38. Rd3 {[%emt 0:00:35]} g4 {[%emt 0:01:32]} 39. b3 {[%emt 0:01:09]} Rc8 {[%emt 0:01:11]} 40. Ke2 {[%emt 0:00:46]} h5 {[%emt 0:30:42]} 41. Ke3 {[%emt 0:15:52]} a5 {[%emt 0:00:00]} 42. Kd2 {[%emt 0:03:54]} a4 {[%emt 0:00:00]} 43. b4 {[%emt 0:03:16]} Rf8 {[%emt 0:00:00]} 44. Ke2 {[%emt 0:00:11]} Kd7 {[%emt 0:00:00]} 45. Ke1 {[%emt 0:04:43]} Kc6 {[%emt 0:00:00]} 46. Ke2 {[%emt 0:00:15]} Rf7 {[%emt 0:00:00]} 47. Ke1 {[%emt 0:01:28]} Rd7 {[%emt 0:00:00]} 48. Rd5 {[%emt 0:00:17]} h4 {[%emt 0:00:00]} 49. Rd3 {[%emt 0:03:24]} hxg3 {[%emt 0:00:00]} 50. Rxg3 {[%emt 0:00:43]} Rh7 {[%emt 0:00:00]} 51. Rg2 {[%emt 0:00:34]} Rh3 {[%emt 0:00:00]} 52. Kd2 {[%emt 0:01:28]} d5 {[%emt 0:00:00]} 53. exd5+ {[%emt 0:00:23]} Kxd5 {[%emt 0:00:00]} 54. Re2 {[%emt 0:00:23]} e4 {[%emt 0:00:00]} 55. Kc2 {[%emt 0:00:26]} Ke5 {[%emt 0:02:40]} 56. Kd2 {[%emt 0:00:48]} Rd3+ {[%emt 0:03:13]} 57. Kc2 {[%emt 0:00:25]} Kf4 {[%emt 0:00:38]} 58. Rf2+ {[%emt 0:00:19]} Rf3 {[%emt 0:01:37]} 59. Re2 {[%emt 0:00:15]} Rf1 {[%emt 0:00:32]} 60. Rg2 {[%emt 0:01:03]} e3 {[%emt 0:00:18]} 61. c4 {[%emt 0:00:27]} Rf2+ {[%emt 0:00:28]} 0-1

[Event "SVK Extraliga 2017-18"]
[Site "Slovakia"]
[Date "2017.12.09"]
[Round "5"]
[White "Magat, Jozef"]
[Black "Mydlarik, Martin"]
[Result "1/2-1/2"]
[WhiteElo "2110"]
[BlackElo "2083"]
[Annotator "NA"]
[PlyCount "35"]
[EventDate "2017.??.??"]
[EventType "team-tourn"]
[EventCountry "SVK"]
[SourceTitle "playchess.com"]
[Source "ChessBase"]
[SourceQuality "1"]
[TimeControl "40/5400+30:1800+30"]

1. Nf3 {[%emt 0:00:00]} Nf6 {[%emt 0:00:21]} 2. d4 {[%emt 0:00:00]} g6 {[%emt 0:00:36]} 3. Bf4 {[%emt 0:02:35]} Bg7 {[%emt 0:00:27]} 4. e3 {[%emt 0:01:03]} O-O {[%emt 0:00:15]} 5. Nbd2 {[%emt 0:00:31]} d6 {[%emt 0:03:07]} 6. Bd3 {[%emt 0:01:16]} c5 {[%emt 0:02:14]} 7. c3 {[%emt 0:01:06]} Nc6 {[%emt 0:00:14]} 8. Qc2 {[%emt 0:02:46]} cxd4 {[%emt 0:09:09]} 9. exd4 {[%emt 0:03:23]} e5 {[%emt 0:02:27]} 10. dxe5 {[%emt 0:03:08]} dxe5 {[%emt 0:00:05]} 11. Bg5 {[%emt 0:02:14]} Qc7 {[%emt 0:02:20]} 12. O-O {[%emt 0:03:19]} Be6 {[%emt 0:06:02]} 13. Bxf6 {[%emt 0:19:48]} Bxf6 {[%emt 0:00:05]} 14. Bc4 {[%emt 0:00:56]} Bf5 {[%emt 0:01:44]} 15. Ne4 {[%emt 0:04:10]} Be7 {[%emt 0:05:57]} 16. Qe2 {[%emt 0:02:18]} Kg7 {[%emt 0:05:34]} 17. Ng3 {[%emt 0:05:18]} Bg4 {[%emt 0:00:42]} 18. Bd5 {[%emt 0:04:10]} 1/2-1/2